000 00605nam a2200217Ia 4500
001 13597
003 GE_BSU
008 181216s||||||||xx |||||||||||||| ||und||
040 _cGE_BSU
245 _aГенетика.Том 50,№9. 2014
245 _bЕжемесячный журнал.
245 _cгл. ред. С.В.Шестаков,идр.
260 _aМосква
260 _bНаука
260 _c2014
300 _a1014-1140стр.29см.
653 _aГенетика.Том 50,№9. 2014
653 _aПериодика
653 _aპერიოდიკა
942 _cCR
999 _c46753
_d46753